Giáo trình pháp luật đại cương

Giáo trình giới thiệu những vấn đề chung về Nhà nước và pháp luật, Nhà nước và pháp luật Việt Nam, các ngành luật thông dụng trong hệ thống pháp luật Việt nam

Sparad:
Bibliografiska uppgifter
Huvudupphovsman: Phan, Trung Hiền
Materialtyp: Bok
Språk:Undetermined
Publicerad: Cần Thơ Nxb. Đại học Cần Thơ 2012
Ämnen:
Taggar: Lägg till en tagg
Inga taggar, Lägg till första taggen!
Thư viện lưu trữ: Trung tâm Học liệu Trường Đại học Cần Thơ
LEADER 01000nam a2200229Ia 4500
001 CTU_172936
008 210402s9999 xx 000 0 und d
020 |c 27000 
082 |a 340.071 
082 |b H305 
100 |a Phan, Trung Hiền 
245 0 |a Giáo trình pháp luật đại cương 
245 0 |c Phan Trung Hiền, Diệp Thành Nguyên, Huỳnh Thị Sinh Hiền 
260 |a Cần Thơ 
260 |b Nxb. Đại học Cần Thơ 
260 |c 2012 
520 |a Giáo trình giới thiệu những vấn đề chung về Nhà nước và pháp luật, Nhà nước và pháp luật Việt Nam, các ngành luật thông dụng trong hệ thống pháp luật Việt nam 
650 |a Law,Law,Luật,Luật 
650 |x Study and teaching,Giảng dạy và học 
650 |z Vietnam,Vietnam,Việt Nam,Việt Nam 
904 |i Tuyến 
980 |a Trung tâm Học liệu Trường Đại học Cần Thơ